Normal view
MARC view
- Norton, Robert L.
Entry Personal Name
001 - CONTROL NUMBER
- control field: 18983
003 - CONTROL NUMBER IDENTIFIER
- control field: NUST
005 - DATE AND TIME OF LATEST TRANSACTION
- control field: 20190802103032.0
008 - FIXED-LENGTH DATA ELEMENTS
- fixed length control field: 190802|| aca||aabn | a|a d
040 ## - CATALOGING SOURCE
- Original cataloging agency: NUST
- Transcribing agency: NUST
100 ## - HEADING--PERSONAL NAME
- Personal name: Norton, Robert L.
670 ## - SOURCE DATA FOUND
- Source citation: Work cat.: (NUST)0: Norton, Robert L., MACHINE DESIGN \
